Statystyki dla Oscary za najlepszy film animowany

Kliknij tutaj aby rozwiązać quiz!

Ogólne statystyki

  • Ten quiz został rozwiązany 42 razy
    (7 od ostatniego zresetowania)
  • Średni wynik to 8 z 23

Statystyki odpowiedzi

RokFilm% Poprawnych
2001Shrek
100%
2013Kraina Lodu
80%
2017Coco
60%
2003Gdzie Jest Nemo?
60%
2004Iniemamocni
60%
2023Chłopiec i Czapla
40%
2007Ratatuj
40%
2002Spirited Away: W krainie bogów
40%
2008WALL·E
40%
2015W głowie się nie mieści
40%
2016Zwierzogród
40%
2020Co w duszy gra
20%
2022Guillermo del Toro: Pinokio
20%
2006Happy Feet: Tupot małych stóp
20%
2012Merida Waleczna
20%
2021Nasze Magiczne Encanto
20%
2009Odlot
20%
2011Rango
20%
2018Spider-Man Uniwersum
20%
2010Toy Story 3
20%
2019Toy Story 4
20%
2005Wallace i Gromit: Klątwa królika
20%
2014Wielka szóstka
20%

Rozkład punktacji

Percentyl według liczby udzielonych odpowiedzi

Procent ludzi z każdym wynikiem

Twoja historia wyników

Nie rozwiązałeś tego quizu od ostatniego zresetowania